ბათუმის შოთა რუსთაველის სახელმწიფო უნივერსიტეტის ბიბლიოთეკა

Люцена Тяньшанская и опыт ее интродукции (ბიბ.ჩანაწერი № 45065)

000 -LEADER
fixed length control field 00600nam a2200193Ia 4500
001 - CONTROL NUMBER
control field 11888
003 - CONTROL NUMBER IDENTIFIER
control field GE_BSU
008 - FIXED-LENGTH DATA ELEMENTS--GENERAL INFORMATION
fixed length control field 181216s||||||||xx |||||||||||||| ||und||
040 ## - CATALOGING SOURCE
Transcribing agency GE_BSU
080 ## - UNIVERSAL DECIMAL CLASSIFICATION NUMBER
Universal Decimal Classification number 633.31:631
245 ## - TITLE STATEMENT
Title Люцена Тяньшанская и опыт ее интродукции
245 ## - TITLE STATEMENT
Statement of responsibility, etc. Ред.И.М.Культиасов.Худ.А.А.Люминарский
260 ## - PUBLICATION, DISTRIBUTION, ETC.
Place of publication, distribution, etc. Москва
260 ## - PUBLICATION, DISTRIBUTION, ETC.
Name of publisher, distributor, etc. Наука
260 ## - PUBLICATION, DISTRIBUTION, ETC.
Date of publication, distribution, etc. 1967
300 ## - PHYSICAL DESCRIPTION
Extent 286стр.ил.22см.
653 ## - INDEX TERM--UNCONTROLLED
Uncontrolled term Люцена Тяньшанская и опыт ее интродукции
942 ## - ADDED ENTRY ELEMENTS (KOHA)
Koha item type წიგნი
ეგზემპლარები
Withdrawn status Lost status Damaged status Not for loan Date acquired Barcode Date last seen Price effective from Koha item type
        2018-12-17 20452 2018-12-17 2018-12-17 წიგნი